000 00553nam a2200193Ia 4500
005 20260120131237.0
008 008 260114s9999 xx 000 0 eng d
020 _a9780191800290
037 _aEBOOK
040 _aCRL
_beng
_cCRL
041 _aeng
_2eng
084 _qCRL
100 _aHill, Alboiu
_9924671
245 0 _aVerb Movement and Clause Structure in Old Romanian
260 _bOxford University PressOxford University Press
_c2016
856 _uhttps://academic.oup.com/book/26755
942 _cEBOOK
999 _c1516585
_d1516585